| 000 | 00980cam a2200301 i 4500 | ||
|---|---|---|---|
| 001 | 1302071 | ||
| 003 | OSt | ||
| 005 | 20110422124803.0 | ||
| 008 | 761001s1976 xx k 001 0 eng | ||
| 020 | _c8180381454 | ||
| 040 |
_aDLC _cDLC _dDLC |
||
| 043 | _aa-pk--- | ||
| 050 | 0 | 0 |
_aKPL3564.31908 _b.A62 1976 |
| 082 | 0 | 0 | _a347.05 PRA |
| 100 | 0 | _aPrasad, B. M. | |
| 245 | 1 | 4 |
_aThe Code of civil procedure : _bact V of 1908 / _cS. K. Sarvaria / |
| 250 | _a7th ed. | ||
| 260 |
_aIndia. _bButterworths. _c2007. |
||
| 300 |
_aIxxviii, 1673p.; _bv, 4 _c25 cm. |
||
| 500 | _a"Pakistani case law upto Dec. 1975." | ||
| 500 | _aIncludes index. | ||
| 650 | 0 |
_aCivil procedure _zPakistan. _91528 |
|
| 710 | 1 | 2 |
_aPakistan. _tCode of Civil Procedure, 1908. _91529 |
| 906 |
_a7 _bcbc _corignew _du _encip _f19 _gy-gencatlg |
||
| 942 |
_2ddc _cBK |
||
| 999 |
_c525 _d525 |
||